Daňové aspekty transformácie výsledku hospodárenia na základ dane z príjmov právnických osôb bakalárska práca

Salvato in:
Dettagli Bibliografici
Autore principale: Vavreková, Frederika
Ente Autore: Podnikovohospodárska fakulta EU so sídlom v Košiciach. Katedra finančného riadenia podniku
Altri autori: Feranecová, Adela, 1986-
Natura: Libro
Lingua:slovacco
Pubblicazione: Košice 2018
Tags: Aggiungi Tag
Nessun Tag, puoi essere il primo ad aggiungerne!!

MARC

LEADER 00000nbm a2200000 4500
001 0245726
005 20181018110500.7
041 0 |a slo 
044 |a SK 
245 1 0 |a Daňové aspekty transformácie výsledku hospodárenia na základ dane z príjmov právnických osôb  |b bakalárska práca  |c Frederika Vavreková ; školiteľ: Adela Feranecová 
264 1 |a Košice  |c 2018 
300 |a 43 s. 
100 1 |a Vavreková, Frederika 
700 1 |a Feranecová, Adela, 1986- 
710 2 |a Podnikovohospodárska fakulta EU so sídlom v Košiciach. Katedra finančného riadenia podniku